000 00738nam a2200253Ia 4500
003 OSt
005 20220918221306.0
006 a|||||r|||| 00| 0
007 ta
008 220917b |||||||| |||| 00| 0 eng d
024 _a149,212
037 _cTextual
040 _aARTS
_cARTS
_beng
041 _2eng
_aeng
082 _aT:8528, K4
100 _aBailard Virginia
_9139938
245 0 _aParent-teacher conference
260 _c1964
490 _aMcGraw-Hill series in education,guidance, counseling and student personnel in education ed by Walter F Johnson
650 _aEDUCATION
700 _a Strang Ruth
_984369
942 _hT:8528, K4
_cTEXL
_2CC
999 _c271881
_d271881